000 01005nam a2200253Ia 4500
003 GCL
008 140319s9999 xx 000 0 ara d
040 _aGCL /
_cGCL
082 0 4 _a240
_bم ب
100 1 _aمحمد عبدالوهاب الساكت
245 1 0 _aبضع رسائل فى عقائد الاسلام ويلية كتاب جواب اهل السنه النبوية فى نقض كلام الشيعه والزيدية /
_cمحمد عبدالوهاب الساكت
700 1 _aالسيد محمد رشيد رضا
700 1 _aمحمد عبدالوهاب
700 1 _aعبدالله محمد عبدالوهاب
260 _a[S.N] :
_bدار الكتب المصرية
490 _a
650 0 4 _aالاسلام
650 0 4 _aالاسلام والاصلاح الاجتماعى
650 0 4 _aمقالات ومحاضرات
650 0 4 _aالفرق الاسلامية
650 0 4 _aالاسلام والاصلاح الدينى
650 0 4 _aعقائد الشيعة
942 _2ddc
_cBK
999 _c27549
_d27549